ბათუმის შოთა რუსთაველის სახელმწიფო უნივერსიტეტის ბიბლიოთეკა

Симметрия в алгебре (ბიბ.ჩანაწერი № 48075)

000 -LEADER
fixed length control field 00513nam a2200193Ia 4500
001 - CONTROL NUMBER
control field 14955
003 - CONTROL NUMBER IDENTIFIER
control field GE_BSU
008 - FIXED-LENGTH DATA ELEMENTS--GENERAL INFORMATION
fixed length control field 181216s||||||||xx |||||||||||||| ||und||
040 ## - CATALOGING SOURCE
Transcribing agency GE_BSU
080 ## - UNIVERSAL DECIMAL CLASSIFICATION NUMBER
Universal Decimal Classification number 512.1
100 ## - MAIN ENTRY--PERSONAL NAME
Personal name Болтянский,В.Г. Виленкин,В.Я.
245 ## - TITLE STATEMENT
Title Симметрия в алгебре
245 ## - TITLE STATEMENT
Statement of responsibility, etc. Ред.И.Е.Морозова
260 ## - PUBLICATION, DISTRIBUTION, ETC.
Place of publication, distribution, etc. Москва
260 ## - PUBLICATION, DISTRIBUTION, ETC.
Date of publication, distribution, etc. 1967
300 ## - PHYSICAL DESCRIPTION
Extent 282стр.20см.
653 ## - INDEX TERM--UNCONTROLLED
Uncontrolled term Симметрия в алгебре
942 ## - ADDED ENTRY ELEMENTS (KOHA)
Koha item type წიგნი
ეგზემპლარები
Withdrawn status Lost status Damaged status Not for loan Date acquired Barcode Date last seen Price effective from Koha item type
        2018-12-17 15836 2018-12-17 2018-12-17 წიგნი